000 00559cam a2200205 4500500
005 20260329002401.0
041 _afre
042 _adc
100 1 0 _aDuru, Martin
_eauthor
245 0 0 _aL’Ecclésiaste
260 _c2012.
500 _a92
690 _aBible
690 _aOntologie
690 _aSagesse
690 _aTemps
690 _aVanité
786 0 _nPhilosophie magazine | 58 | 4 | 2012-04-01 | p. 41-41 | 1951-1787
856 4 1 _uhttps://shs.cairn.info/magazine-philosophie-magazine-2012-4-page-41?lang=fr&redirect-ssocas=7080
999 _c1814423
_d1814423